| 000 | 00504cam a2200169ua 4500 | ||
|---|---|---|---|
| 020 | _a9789384559984 | ||
| 082 |
_a624.18341 _bRAM/DE |
||
| 100 |
_aRamamrutham, S . _9868 |
||
| 100 |
_aNarayan, R . _9507 |
||
| 245 | _aDesign of Reinforced Concrete Structures:(Conforming to IS 456),Limit State Method And Working Stress Method | ||
| 250 | _a17 | ||
| 260 |
_aNew Delhi _bDhanapat Rai Publishing Company (P) Ltd _c2015 |
||
| 300 |
_a1584 _bRevised and Enlarged Edition |
||
| 942 | _cBK | ||
| 999 |
_c90 _d90 |
||
| 003 | @ | ||
| 003 | OSt | ||